StarLite's Wrestling Picture Quiz #10: Tag Teams 2 - Statistics

General Stats
  • This quiz has been taken 8 times
  • The average score is 9 of 16
Answer Stats
Picture Answer % Correct
D-Generation X
88%
Hart Foundation
88%
Brothers of Destruction
75%
Cope and Cage
75%
Rated RKO
75%
APA
63%
Demolition
63%
Harlem Heat
63%
Natural Disasters
50%
Street Profits
50%
The Bar
50%
The Rockers
50%
Jurassic Express
25%
Beer Money, Inc.
13%
MNM
13%
Phenomenal Dragons
13%
No matching quizzes found
Score Distribution
Percent of People with Each Score
Percentile by Number Answered
Your Score History
You have not taken this quiz